Movies Quiz

Random Movies or Clickable Quiz

Comedy Movies by Tagline II Quiz Stats

 Plays Quiz Updated Jan 19, 2018

Challenge
Share
Tweet
Embed
Score 0/24 Timer 06:00
3 Plays Today
% Correct
Happy Gilmore
93.1%
Big
92.8%
Mrs. Doubtfire
92.7%
Ghostbusters
92.4%
Three Men and A Baby
90.2%
Borat
89.9%
Anchorman: The Legend of Ron Burgundy
88.3%
Knocked Up
88%
Old School
87.6%
Office Space
86.7%
Home Alone
82.8%
Clerks
82%
% Correct
Little Miss Sunshine
77%
Ace Ventura: Pet Detective
76.9%
Dude, Where's My Car?
75.2%
Shaun of the Dead
75.1%
Scary Movie
73.7%
There's Something About Mary
72.4%
Zoolander
70.2%
Zombieland
67.4%
Dirty Rotten Scoundrels
67.1%
Monty Python and the Holy Grail
65.1%
The Big Lebowski
52.4%
Junior
42.7%

You're not logged in!

Compare scores with friends on all Sporcle quizzes.
Join for Free
OR
Log In

You Might Also Like...

Show Comments

Extras

Top Quizzes Today


Score Distribution

Your Account Isn't Verified!

In order to create a playlist on Sporcle, you need to verify the email address you used during registration. Go to your Sporcle Settings to finish the process.

Report this User

Report this user for behavior that violates our Community Guidelines.

Details: